000 00684nam a2200193 a 4500
001 000041959
005 20201002035843.0
008 131016s1989 sp 001 0 spa d
020 _a8400070143
040 _aDO-SdBNP
_bspa
_cBNPHU
245 0 0 _aPere el Cerimoniós i la seva època.
260 _aBarcelona :
_bInstitució Milà i Fontanals,
_c1989.
300 _a360 p. : ;
_c25 cm.
490 1 _aAnuario de estudios medievales.
_aanex
_v24
500 _aIncluye índice
504 _aIncluye referencias bibliográficas y notas al pie de las páginas
710 2 _aInstitución Milá y Fontanals (Barcelona)
_968486
830 0 _aAnuario de estudios medievales.
_pAnex;
_v24
_968742
999 _c41448
_d41448